Conferencias en relación con la ingeniería sanitaria : (Record no. 159623)

MARC details
000 -LEADER
campo de control de longitud fija 01730nam a2200313 i 4500
001 - NÚMERO DE CONTROL
campo de control 159623
003 - IDENTIFICADOR DE NÚMERO DE CONTROL
campo de control ES-MaACL
005 - FECHA Y HORA DE LA ÚLTIMA TRANSACCIÓN
campo de control 20250903002019.0
008 - DATOS DE LONGITUD FIJA--INFORMACIÓN GENERAL
campo de control de longitud fija 180213s1928 sp a |||| | spa d
245 00 - MENCIÓN DEL TÍTULO
Título Conferencias en relación con la ingeniería sanitaria :
Resto del título curso de 1926-1927 /
Mención de responsabilidad, etc. dadas sucesivamente por los señores Bello, Pittaluga, Luengo, Marañón y González Quijano ; con un prólogo del director de la Escuela Sr. Machimbarrena.
260 ## - PUBLICACIÓN, DISTRIBUCIÓN, ETC.
Lugar de publicación, distribución, etc. [Madrid :
Nombre del editor, distribuidor, etc. s.n.,
Fecha de publicación, distribución, etc. 1928?]
300 ## - DESCRIPCIÓN FÍSICA
Extensión 139 p. :
Otras características físicas il. ;
Dimensiones 21 cm.
505 8# - NOTA DE CONTENIDO CON FORMATO
Nota de contenido con formato Contiene: Problemas sanitarios en la construcción y explotación de las obras públicas / Severino Bello Poeyusan. Médicos e ingenieros en la lucha contra el paludismo / Gustavo Pittaluga. Agua y fiebre tifoidea / Emilio Luengo. Problema social de la infección / Gregorio Marañón. Ingenieria sanitaria / Pedro M. González Quijano
594 ## - Nota al título y mención de responsabilidad
Nota al título y mención de responsabilidad Precede al tít.: Escuela Especial de Ingenieros de Caminos, Canales y Puertos.
650 #7 - PUNTO DE ACCESO ADICIONAL DE MATERIA--TÉRMINO DE MATERIA
Término de materia o nombre geográfico como elemento de entrada Ingeniería sanitaria
Fuente del encabezamiento o término embne
9 (RLIN) 160061
700 1# - ENTRADA AGREGADA--NOMBRE PERSONAL
Nombre de persona Bello Poeyusan, Severino.
9 (RLIN) 159015
700 1# - ENTRADA AGREGADA--NOMBRE PERSONAL
Nombre de persona Pittaluga, Gustavo,
Fechas asociadas al nombre 1876-1956
9 (RLIN) 155591
700 1# - ENTRADA AGREGADA--NOMBRE PERSONAL
Nombre de persona Luengo Arroyo, Emilio.
9 (RLIN) 74634
700 1# - ENTRADA AGREGADA--NOMBRE PERSONAL
Nombre de persona Marañón, Gregorio,
Fechas asociadas al nombre 1887-1960
9 (RLIN) 76311
700 1# - ENTRADA AGREGADA--NOMBRE PERSONAL
Nombre de persona González Quijano, Pedro M.
9 (RLIN) 58891
710 2# - ENTRADA AGREGADA--NOMBRE DE ENTIDAD CORPORATIVA
Nombre de entidad corporativa o nombre de jurisdicción como elemento de entrada Escuela Especial de Ingenieros de Caminos, Canales y Puertos (Madrid)
9 (RLIN) 170634
740 02 - ENTRADA AGREGADA--TÍTULO RELACIONADO/ANALÍTICO NO CONTROLADO
Título relacionado o analítico no controlado Problemas sanitarios en la construcción y explotación de las obras públicas.
740 02 - ENTRADA AGREGADA--TÍTULO RELACIONADO/ANALÍTICO NO CONTROLADO
Título relacionado o analítico no controlado Médicos e ingenieros en la lucha contra el paludismo.
740 02 - ENTRADA AGREGADA--TÍTULO RELACIONADO/ANALÍTICO NO CONTROLADO
Título relacionado o analítico no controlado Agua y fiebre tifoidea.
740 02 - ENTRADA AGREGADA--TÍTULO RELACIONADO/ANALÍTICO NO CONTROLADO
Título relacionado o analítico no controlado Problema social de la infección.
740 02 - ENTRADA AGREGADA--TÍTULO RELACIONADO/ANALÍTICO NO CONTROLADO
Título relacionado o analítico no controlado Ingenieria sanitaria.
852 4# - LOCALIZACIÓN
Ubicación ES-MaACL
Número de control de estantería A-1119(1)
Holdings
Estatus retirado Estado de pérdida Estado de daño No para préstamo Biblioteca de origen Biblioteca actual Ubicación en estantería Fecha de adquisición Fuente de adquisición Total de préstamos Signatura topográfica completa Código de barras Visto por última vez Precio de reemplazo Tipo de ítem Koha
        Biblioteca del Ateneo de Madrid Biblioteca del Ateneo de Madrid Sala Pecera Planta 1 13/02/2018     A-1119(1) 1198357 23/02/2023 23/02/2023 Libro impreso